000 00850cam a22002651 4500
001 77123
003 BD-RjUL
005 20211209082929.0
008 200227s1951 ilu b 000 0 eng
035 _a(BD-RjUL)77347
040 _aDLC
_cOYU
_dOCoLC
_dDLC
_beng
041 _aeng
042 _apremarc
082 _a820.903
_217
_bWIS 1951
100 1 _aWilliamson, George,
_d1898-1968.
_9239839
245 1 4 _aThe Senecan amble;
_ba study in prose form from Bacon to Collier.
_cby George Williamson
260 _aLondon:
_bFaber and Faber ,
_c[1951]
300 _a377 p.;
_c22 cm.
504 _aBibliographical footnotes.
650 0 _aEnglish prose literature
_yEarly modern, 1500-1700
_xHistory and criticism.
_9239840
906 _a7
_bcbc
_coclcrpl
_du
_encip
_f19
_gy-gencatlg
942 _2ddc
_cBK
999 _c77123
_d77123